Influences hongroises sur le développement de la littérature et de la culture roumaines résümé

Elmentve itt :
Bibliográfiai részletek
Dokumentumtípus: Cikk
Megjelent: 1937
Sorozat:Acta litterarum ac scientiarum regiae Universitatis Hungaricae Francisco-Josephinae = A M. Kir. Ferencz József Tudományegyetem tudományos közleményei : sectio geographico-historica = a földrajz és történettudományok köréből 3
Kulcsszavak:Irodalomtörténet
Online Access:http://acta.bibl.u-szeged.hu/5889
LEADER 00789nab a2200157 i 4500
001 acta5889
005 20210531122643.0
008 161015s1937 hu o 0|| fre d
040 |a SZTE Egyetemi Kiadványok Repozitórium  |b hun 
041 |a fre 
245 0 0 |a Influences hongroises sur le développement de la littérature et de la culture roumaines   |h [elektronikus dokumentum] :  |b résümé 
260 |c 1937 
300 |a 61-91 
490 0 |a Acta litterarum ac scientiarum regiae Universitatis Hungaricae Francisco-Josephinae = A M. Kir. Ferencz József Tudományegyetem tudományos közleményei : sectio geographico-historica = a földrajz és történettudományok köréből  |v 3 
695 |a Irodalomtörténet 
856 4 0 |u http://acta.bibl.u-szeged.hu/5889/1/geohist_003_061-091.pdf  |z Dokumentum-elérés